|
|
|
|
| LEADER |
03189nam a2200361 a 4500 |
| 001 |
0018335 |
| 003 |
BD-DhAAL |
| 005 |
20250629124251.0 |
| 008 |
090514r20042009nyua b 001 0 eng d |
| 010 |
|
|
|a 83001172
|
| 020 |
|
|
|a 9788126508389
|
| 040 |
|
|
|a DLC
|c DLC
|d DLC
|d BD-DhAAL
|
| 082 |
0 |
0 |
|a 621.31
|2 19
|
| 100 |
1 |
|
|a Wood, Allen J.
|9 751
|
| 245 |
1 |
0 |
|a Power generation, operation, and control /
|c Allen J. Wood, Bruce F. Wollenberg.
|
| 260 |
|
|
|a New Delhi.India :
|b Wiley India,
|c c2004 [reprinted 2009].
|
| 300 |
|
|
|a xv, 569 p. :
|b ill. ;
|c 21 cm
|
| 504 |
|
|
|a Includes bibliographical references and index.
|
| 526 |
|
|
|a EEE
|x Md Sayeed Salam
Department of Electrical and Electronic Engineering
BRAC University
Course Name : Optimization of Power System Operation (EEE 560)
|
| 541 |
1 |
|
|e 0018335
|a Paragon Enterprises LTD
|
| 650 |
|
0 |
|a Electric power systems.
|
| 700 |
1 |
|
|a Wollenberg, Bruce F.
|9 753
|
| 852 |
4 |
|
|a Ayesha Abed Library
|c General Stacks
|
| 942 |
|
|
|2 ddc
|c BK
|
| 999 |
|
|
|c 706
|d 706
|
| 952 |
|
|
|0 0
|1 4
|2 ddc
|4 0
|6 621_310000000000000_WOO
|7 0
|9 649
|a BRACUL
|b BRACUL
|d 2009-05-14
|e Paragon Enterprises LTD
|g 599.00
|l 3
|m 10
|o 621.31 WOO
|p 3010018337
|r 2017-05-31
|s 2017-05-08
|t 3
|w 2009-05-14
|y BK
|x Koha Inventory 2020 ; Requisitioned by Md Sayeed Salam (Department of Electrical and Electronic Engineering, BRAC University) for the course named - "Optimization of Power System Operation (EEE 560)".
|
| 952 |
|
|
|0 0
|1 0
|2 ddc
|4 0
|6 621_310000000000000_WOO_2009
|7 0
|9 10974
|a BRACUL
|b BRACUL
|c GEN
|d 2010-06-14
|e Paragon Enterprises LTD
|g 599.00
|l 3
|m 18
|o 621.31 WOO
|p 3010018336
|r 2015-03-04
|s 2015-01-28
|t 2
|w 2010-06-14
|y BK
|x Requisitioned by Md Sayeed Salam (Department of Electrical and Electronic Engineering, BRAC University) for the course named - "Optimization of Power System Operation (EEE 560)".
|
| 952 |
|
|
|0 0
|1 0
|2 ddc
|4 0
|6 621_310000000000000_WOO_2009
|7 0
|9 10975
|a BRACUL
|b BRACUL
|c GEN
|d 2010-06-14
|e Paragon Enterprises LTD
|g 599.00
|l 4
|m 17
|o 621.31 WOO
|p 3010018338
|r 2015-04-13
|s 2015-03-04
|t 4
|w 2010-06-14
|y BK
|x Requisitioned by Md Sayeed Salam (Department of Electrical and Electronic Engineering, BRAC University) for the course named - "Optimization of Power System Operation (EEE 560)".
|
| 952 |
|
|
|0 0
|1 0
|2 ddc
|4 0
|6 621_310000000000000_WOO_2009
|7 0
|9 10977
|a BRACUL
|b BRACUL
|c GEN
|d 2010-06-14
|e Paragon Enterprises LTD
|g 599.00
|l 3
|m 12
|o 621.31 WOO
|p 3010018335
|r 2015-04-22
|s 2015-01-24
|t 1
|w 2010-06-14
|y BK
|x Requisitioned by Md Sayeed Salam (Department of Electrical and Electronic Engineering, BRAC University) for the course named - "Optimization of Power System Operation (EEE 560)".
|
| 952 |
|
|
|0 0
|1 0
|2 ddc
|4 0
|6 621_310000000000000_WOO_2009
|7 0
|9 17234
|a BRACUL
|b BRACUL
|c AV
|d 2011-06-21
|l 0
|o 621.31 WOO
|p 4010018335
|r 2011-06-21
|t 1
|w 2011-06-21
|y AV
|
| 952 |
|
|
|0 0
|1 0
|2 ddc
|4 0
|6 621_310000000000000_WOO_2009
|7 0
|9 17235
|a BRACUL
|b BRACUL
|c AV
|d 2011-06-21
|l 0
|o 621.31 WOO
|p 4010018336
|r 2011-06-21
|t 2
|w 2011-06-21
|y AV
|
| 952 |
|
|
|0 0
|1 0
|2 ddc
|4 0
|6 621_310000000000000_WOO_2009
|7 0
|9 17236
|a BRACUL
|b BRACUL
|c AV
|d 2011-06-21
|l 0
|o 621.31 WOO
|p 4010018337
|r 2011-06-21
|t 3
|w 2011-06-21
|y AV
|
| 952 |
|
|
|0 0
|1 0
|2 ddc
|4 0
|6 621_310000000000000_WOO_2009
|7 0
|9 17237
|a BRACUL
|b BRACUL
|c AV
|d 2011-06-21
|l 0
|o 621.31 WOO
|p 4010018338
|r 2011-06-21
|t 4
|w 2011-06-21
|y AV
|